000 00268nam a2200109Ia 4500
008 190914s9999||||xx |||||||||||||| ||und||
100 _aA.H. Kardar
245 0 _aPakistan's Soldiers of Fortune
260 _aNew Jersey
_bPrentice Hall
_c2003
300 _a146
942 _cBK
999 _c9397
_d9397